Statistics for The Discord Naughty List

Click here to take the quiz!

General Stats

  • This quiz has been taken 41 times
    (19 since last reset)
  • The average score is 10 of 20

Answer Stats

Times CursedAnswer% Correct
162RedLightning
83%
54CringeDragon
75%
23NinjaQKk
75%
15Stewart
75%
25FlabberBapper
67%
3IAB
67%
19UG
67%
10SaturnTheQuizzer
58%
36Gyrule
50%
48lovelyladylori
50%
5OskarRB
50%
80Quizzer
50%
95Stef2
50%
30Nathaniel
42%
154Tom Holland
33%
6CreativeSwat
25%
12MiracleMax
25%
10Rawe
25%
7Orthorristic
17%
16WolfCam
17%

Score Distribution

Percentile by Number Answered

Percent of People with Each Score

Your Score History

You have not taken this quiz since the last reset